| 000 | 00839nam a2200265Ia 4500 | ||
|---|---|---|---|
| 003 | GCL | ||
| 008 | 140319s9999 xx 000 0 ara d | ||
| 040 |
_aGCL / _cGCL |
||
| 082 | 0 | 4 |
_aم _b413.1 _bع ا |
| 100 | 1 | _aعبدالفتاح الصعيدى | |
| 245 | 1 | 0 |
_aالافصاح فى فقه اللغة / _cعبدالفتاح الصعيدى |
| 700 | 1 | _aحسين يوسف موسى | |
| 260 |
_a[S.N] : _bدار الفكر العربى ، _c1929 |
||
| 300 | _aمتعدد | ||
| 490 |
_aشكاوى المصرى الفصيح _v0 |
||
| 650 | 0 | 4 | _aاللغة العربية |
| 650 | 0 | 4 | _aالفاظ |
| 650 | 0 | 4 | _aالمعانى |
| 650 | 0 | 4 | _aفقه اللغة |
| 650 | 0 | 4 | _aالمعاجم العربية |
| 650 | 0 | 4 | _aالمعاجم المتخصصة |
| 650 | 0 | 4 | _aالمصطلحات |
| 650 | 0 | 4 | _aالدلالة |
| 942 |
_2ddc _cREF |
||
| 999 |
_c59343 _d59343 |
||